00520nam a2200193 a 4500001001300000003000900013005001700022008004100039020000900080082001500089100001400104245005000118260002600168300000900194500003500203505005200238650002200290700001400312nice12345678IN_TiNIC20260116012001.0050524s1962 lona grp 000 0 eng  ac2500a220.3bCLO aCloe, W M aBible Reader`s Encyclopaedia and Concordance. aLondonbCollinsc1962 a407p aincludes index and biblioraphy2 aBiblical gazetteer and index to scripture atlas aBible-Concordance1 aCloe, W M